Nationalities in Bulgaria - Statistics

General Stats
  • This quiz has been taken 348 times
  • The average score is 4 of 5
Answer Stats
Percentage Nationality % Correct
84.8% Bulgarian
98%
4.9% Roma
94%
8.8% Turkish
91%
0.1% Russian
61%
0.1% Armenian
31%
No matching quizzes found
Score Distribution
Percent of People with Each Score
Percentile by Number Answered
Your Score History
You have not taken this quiz